Математические модели и методы оценки экологического состояния территорий

Detalles Bibliográficos
Outros autores: Машинцов Е. А. Евгений Арсеньевич, Кузнецов А. А. Анатолий Анатольевич, Лебедев А. М. Александр Михайлович, Новосельцев В. Н. Василий Николаевич
Summary:Дано всестороннее рассмотрение исследований по состоянию здоровья населения и выявлены негативные тенденции, являющиеся результатом воздействия техногенных процессов в крупном промышленном городе. Рассмотрены математические методы анализа состояния здоровья населения, которые применены для экологической ситуации города Тулы. Для научных работников, инженеров, аспирантов и студентов, работающих по проблемам здоровья населения и сохранения окружающей среды, а также для государственных и муниципальных служащих, принимающих ответственные решения в управлении субъектами федерации.
Idioma:ruso
Publicado: Москва, Физматлит, 2010
Subjects:
Formato: MixedMaterials Libro
KOHA link:https://koha.lib.tpu.ru/cgi-bin/koha/opac-detail.pl?biblionumber=188830

MARC

LEADER 00000nam0a2200000 4500
001 188830
005 20231101224149.0
010 |a 9785940522003 
035 |a (RuTPU)RU\TPU\book\205115 
090 |a 188830 
100 |a 20101215d2010 km y0rusy50 ca 
101 0 |a rus 
102 |a RU 
105 |a a z 001zy 
200 1 |a Математические модели и методы оценки экологического состояния территорий  |f Е. А. Машинцов [и др.] 
210 |a Москва  |c Физматлит  |d 2010 
215 |a 228 с.  |c ил.  |e 5 л. табл. 
320 |a Библиография в конце глав. 
330 |a Дано всестороннее рассмотрение исследований по состоянию здоровья населения и выявлены негативные тенденции, являющиеся результатом воздействия техногенных процессов в крупном промышленном городе. Рассмотрены математические методы анализа состояния здоровья населения, которые применены для экологической ситуации города Тулы. Для научных работников, инженеров, аспирантов и студентов, работающих по проблемам здоровья населения и сохранения окружающей среды, а также для государственных и муниципальных служащих, принимающих ответственные решения в управлении субъектами федерации. 
606 1 |a Экология города  |2 stltpush  |3 (RuTPU)RU\TPU\subj\39024  |9 59265 
606 1 |a Медицинская экология  |2 stltpush  |3 (RuTPU)RU\TPU\subj\41799  |9 61578 
610 1 |a территории 
610 1 |a городские экосистемы 
610 1 |a экологическая ситуация 
610 1 |a экологический статус 
610 1 |a атмосфера 
610 1 |a снеговой покров 
610 1 |a почва 
610 1 |a питьевая вода 
610 1 |a поверхностные воды 
610 1 |a городское население 
610 1 |a санитарно-демографическое состояние 
610 1 |a оценка 
610 1 |a здоровье 
610 1 |a методы искусственного интеллекта 
610 1 |a физиология 
610 1 |a физиологические показатели 
610 1 |a математические модели 
610 1 |a ущерб 
610 1 |a качество 
610 1 |a компьютерное моделирование 
610 1 |a окружающая среда 
610 1 |a Тула 
610 1 |a промышленные предприятия 
610 1 |a аномальные зоны 
610 1 |a водопользование 
675 |a 504.03  |v 3 
675 |a 614  |v 3 
701 1 |a Машинцов  |b Е. А.  |g Евгений Арсеньевич 
701 1 |a Кузнецов  |b А. А.  |g Анатолий Анатольевич 
701 1 |a Лебедев  |b А. М.  |g Александр Михайлович 
701 1 |a Новосельцев  |b В. Н.  |g Василий Николаевич 
801 1 |a RU  |b 63413507  |c 20101215 
801 2 |a RU  |b 63413507  |c 20150210  |g RCR 
900 |a Математическое моделирование и оптимизация природоохранной деятельности 
942 |c BK 
959 |a 90/20101213  |d 1  |e 311,30  |f ЧЗТЛ:1